Las complicaciones de la futura política económica / (Registro nro. 8384)

Detalles MARC
000 -LEADER
fixed length control field 00801nam a2200205Ia 4500
003 - CONTROL NUMBER IDENTIFIER
control field OSt
005 - DATE AND TIME OF LATEST TRANSACTION
control field 20210818124746.0
008 - FIXED-LENGTH DATA ELEMENTS--GENERAL INFORMATION
fixed length control field 210310s1993 ck ad gr 000 0 spa d
040 ## - CATALOGING SOURCE
Original cataloging agency CO-JMCR
Transcribing agency CO-JMCR
041 0# - LANGUAGE CODE
Language code of text/sound track or separate title spa
082 04 - DEWEY DECIMAL CLASSIFICATION NUMBER
Classification number 338.9861 /
Item number F365c
Edition number 23
100 1# - MAIN ENTRY--PERSONAL NAME
Personal name Fernández Riva, Javier,
9 (RLIN) 17076
Relator term autor
245 14 - TITLE STATEMENT
Title Las complicaciones de la futura política económica /
Statement of responsibility, etc. Javier Fernández Riva
260 ## - PUBLICATION, DISTRIBUTION, ETC.
Place of publication, distribution, etc. Bogotá :
Name of publisher, distributor, etc. ANIF,
Date of publication, distribution, etc. 1993
300 ## - PHYSICAL DESCRIPTION
Extent 39 páginas :
Other physical details ilustraciones y gráficas a blanco y negro ;
Dimensions 28 cm.
505 0# - FORMATTED CONTENTS NOTE
Formatted contents note Un momento especial - Un final complicado -- El problema fiscal -- Las restricciones por el lado cambiario -- Un mundo diferente
650 14 - SUBJECT ADDED ENTRY--TOPICAL TERM
Topical term or geographic name entry element Política económica
9 (RLIN) 17116
Geographic subdivision Colombia
650 24 - SUBJECT ADDED ENTRY--TOPICAL TERM
Topical term or geographic name entry element Condiciones económicas
Geographic subdivision Colombia
9 (RLIN) 6839
942 ## - ADDED ENTRY ELEMENTS (KOHA)
Source of classification or shelving scheme Dewey Decimal Classification
Koha item type Books
Existencias
Withdrawn status Lost status Source of classification or shelving scheme Damaged status Not for loan Collection code Home library Current library Date acquired Source of acquisition Full call number Barcode Date last seen Copy number Koha item type
    Dewey Decimal Classification     Non-fiction Biblioteca Pública José María del Castillo y Rada Biblioteca Pública José María del Castillo y Rada 04/15/2018 Donación 338.9861 / F365c 430006319 05/16/2024 Ej.1 Books